Basic computer programming / (Record no. 7096)

000 -LEADER
fixed length control field 00403nam a2200145Ia 4500
008 - FIXED-LENGTH DATA ELEMENTS--GENERAL INFORMATION
fixed length control field 201217s9999 xx 000 0 und d
020 ## - INTERNATIONAL STANDARD BOOK NUMBER
International Standard Book Number 0060405198
100 ## - MAIN ENTRY--PERSONAL NAME
Personal name Bartee, Thomas C.
9 (RLIN) 2386
245 #0 - TITLE STATEMENT
Title Basic computer programming /
250 ## - EDITION STATEMENT
Edition statement 2nd ed.
260 ## - PUBLICATION, DISTRIBUTION, ETC. (IMPRINT)
Place of publication, distribution, etc New York
Name of publisher, distributor, etc Harper & Row Publishers
Date of publication, distribution, etc 1985
300 ## - PHYSICAL DESCRIPTION
Extent 368p.
650 #0 - SUBJECT ADDED ENTRY--TOPICAL TERM
Topical term or geographic name as entry element Computer programming
942 ## - ADDED ENTRY ELEMENTS (KOHA)
Item type Books
Source of classification or shelving scheme
Holdings
Withdrawn status Lost status Damaged status Not for loan Permanent location Date acquired Full call number Barcode Date last seen Koha item type
        IMU Kolkata 2020-12-17 001.6424 B2833 PM02207 2020-12-17 Books
Designed and Maintained by IMU-KC Library, Kolkata Campus © Copyright All Rights Reserved

webs counters

Powered by Koha